000 00292nam a22001337a 4500
020 _a0-7214-1637-3
082 _a823
_bSTI/T
100 _aSTIMSON, JOAN
245 _aANIMAL STORIES
_bUNDER 5
260 _aLONDON
_bLADY BIRD
300 _a43
650 _aENGLISH SHORT STORY
_zUK
942 _cBK
999 _c2524
_d2524